000 00532nam a22001937a 4500
003 OSt
005 20250528111234.0
008 250509b |||||||| |||| 00| 0 eng d
020 _a9788123921761
040 _cddc
082 _a617.3
100 _aEbnezar, John
245 _aYoga Therapy for Osteoporosis
_bYoga Therapy in Common Orthopedic Problems
_cJohn Ebnezar
250 _a1st
260 _aNew Delhi
_bCBS Publishers & Distributors
_c2012
650 _vPhysiotherapy
_xYoga Therapy
942 _cBK
_2ddc
999 _c249006
_d249006